| 000 | 01200nam a22002417a 4500 | ||
|---|---|---|---|
| 005 | 20110802102931.0 | ||
| 010 | _aB-423716-717 | ||
| 020 |
_a9788173053801 _c950.00 |
||
| 035 | _aB-423716-717 | ||
| 037 | _bAllied Publishers | ||
| 082 | _a720.954 | ||
| 100 | 1 |
_aBatley, Claude, _d1879- [from old catalog] _932301 |
|
| 245 | 1 | 4 |
_aThe design development of Indian architecture. _cby Claude Batley |
| 260 |
_aBombay, _bAryan Books International, _c2009. |
||
| 300 |
_axxv p. _b52 plates. _c36 cm. (Hb) |
||
| 650 | 0 |
_aArchitecture _zIndia. _932302 |
|
| 650 | 0 |
_aArchitecture _vDesigns and plans. _932303 |
|
| 650 | 0 |
_aArchitecture _xDetails. _932304 |
|
| 942 |
_2ddc _cEN _h720.954 _mBAT |
||
| 999 |
_c54651 _d54651 |
||